Peanuts Every Sunday 1981 1985 /

Sunday Peanuts in their original pastel-heavy coloring makes for a surprisingly different and fulfilling reading experience, and these strips have been scrupulously restored and recolored to look better than they ever have, with far better printing and on higher quality paper. The early to mid-'...

Full description

Bibliographic Details
Corporate Author: Library Pass, LLC
Other Authors: Schulz, Charles M. (writer.)
Format: eBook
Language:English
Published: [United States] : Fantagraphics, 2022.
Subjects:
Online Access:Connect to this electronic book (First time users create your free account)

MARC

Tag First Indicator Second Indicator Subfields
LEADER 00000nmm a22000001a 4500
001 in00004607413
006 m|||||o||m||||||||
007 cr|cn |||uuuuu
008 221118s2022 xxu||||co|||| ||||||eng d
005 20221207212759.2
035 |a (TxWaIVM)IV90946FaPe 
040 |a TxWaIVM  |c TxWaIVM 
245 0 0 |a Peanuts Every Sunday 1981 1985 /  |c powered by Library Pass. 
260 3 |a [United States] :  |b Fantagraphics,  |c 2022. 
300 |a 1 online resource. 
336 |a text  |b txt  |2 rdacontent 
337 |a computer  |b c  |2 rdamedia 
338 |a online resource  |b cr  |2 rdacarrier 
520 |a Sunday Peanuts in their original pastel-heavy coloring makes for a surprisingly different and fulfilling reading experience, and these strips have been scrupulously restored and recolored to look better than they ever have, with far better printing and on higher quality paper. The early to mid-'80s strips collected in this volume highlights fan-favorites Franklin, Peppermint Patty, and Spike. The Beagle Scouts and Charlie Brown's always-contentious relationship with his kite also feature prominently. And when it comes to Lucy, "The Doctor is In." 
521 |a 5 
538 |a Requires a valid library card and registration for new users. 
538 |a Mode of access: World Wide Web. 
538 |a System requirements: Flash 10.1 or higher, Windows XP and higher, Internet Explorer 7 and higher, Firefox 3.6 and higher, Google Chrome; Max OS 10.5 and higher, Safari 4 and higher. 
650 0 |a Humor 
655 7 |a Electronic books.  |2 local 
655 7 |a Humor  |2 gsafd 
650 0 |a Literary 
655 7 |a Literary  |2 gsafd 
700 1 |a Schulz, Charles M.  |e writer. 
700 1 |a Schulz, Charles M.  |e artist. 
710 2 |a Library Pass, LLC. 
856 4 0 |u http://proxy.library.tamu.edu/login?url=https://tamu.librarypass.com/product/fantagraphics.peanuts.every.sunday.19811985.english.10172022  |z Connect to this electronic book (First time users create your free account)  |t 0 
955 |a Comics Plus. 
999 f f |s a8fc9b47-cf3a-453a-b839-340e5ff6c317  |i 3750772c-7ce0-4e7d-be23-9c56cec2227b  |t 0 
952 f f |a Texas A&M University  |b College Station  |c Electronic Resources  |d Available Online  |t 0  |h Library of Congress classification 
998 f f |t 0  |l Available Online